Arriverez-vous à deviner tous ces artistes ? - Grand quiz - Statistiques

Statistiques générales
  • Ce quiz a été pris 71 fois
  • Le résultat moyen est 26 sur 56
Statistiques - réponses
Par images Réponse % Correct
Vincent Van Gogh
100%
Salvador Dali
80%
Michel-Ange
75%
Edvard Munch
71%
Eugène Delacroix
71%
Édouard Manet
69%
Frida Kahlo
69%
Pablo Picasso
69%
René Magritte
69%
Vincent Van Gogh
69%
Sandro Botticelli
68%
Claude Monet
66%
Andy Warhol
64%
Johannes Vermeer
59%
Johannes Vermeer
59%
Paul Gauguin
59%
Gustav Klimt
56%
Auguste Renoir
54%
Salvador Dali
53%
Edgar Degas
49%
Édouard Manet
49%
Henri Matisse
49%
Andy Warhol
47%
Gustave Courbet
47%
Marcel Duchamp
47%
Amedeo Modigliani
46%
Henri de Toulouse-Lautrec
46%
Jean-Auguste D. Ingres
46%
Gustave Caillebotte
44%
Léonard de Vinci
44%
Paul Cézanne
44%
Henri de Toulouse-Lautrec
42%
Hokusai
42%
Piet Mondrian
42%
Le Caravage
41%
Edward Hopper
39%
Georges Seurat
39%
Henri Matisse
39%
Joan Miro
39%
René Magritte
39%
Jeff Koons
37%
Jean-Michel Basquiat
36%
Yves Klein
34%
Pablo Picasso
32%
Giuseppe Archimboldo
31%
Louise Bourgeois
31%
Alberto Giacometti
25%
Élisabeth Vigée-Lebrun
25%
Mark Rothko
24%
Grant Wood
17%
Vassily Kandinsky
17%
Yayoi Kusama
15%
Georgia O’Keefe
14%
Jeff Koons
8%
Mary Cassatt
5%
William Bouguereau
5%
Aucun quiz correspondant
Distribution des résultats
% des personnes avec chaque résultat
Percentile par nombre de réponses
Votre historique - résultats
Vous n’avez pas pris ce quiz